| 000 | 00549nam a22001817a 4500 | ||
|---|---|---|---|
| 003 | OSt | ||
| 005 | 20201008104037.0 | ||
| 008 | 201008b ||||| |||| 00| 0 spa d | ||
| 040 |
_aDO-SdBNP _bspa _cBNPHU |
||
| 082 | _bR426 | ||
| 110 |
_aRepùblica Dominicana. _943100 _bMinisterio de Educaciòn |
||
| 245 | 1 | 0 | _aBases de la revisiòn y actualizaciòn curricular |
| 260 |
_aSanto Domingo : _bMinisterio de Educaciòn, _c2014 |
||
| 300 |
_a114 p. _c28 cm |
||
| 590 | _aInventariado, 2020 / DG | ||
| 910 | _aInventariado, 2020 / DG | ||
| 942 |
_2ddc _cLF1 |
||
| 999 |
_c48843 _d48843 |
||